000 00296nam a2200109Ia 4500
005 20251222120855.0
008 251222s1900||||xx |||||||||||||| ||spa||
082 _aDVD0097/F57P/1989
245 0 _aArte Universal: Paleo-Cristiano y Bizantino I y II.
264 _bBayerischen, Rundfunks
942 _cDVD
999 _c2381
_d2381